|
|
|
|
| LEADER |
01430nam a2200277 a 4500 |
| 001 |
1151907 |
| 008 |
091227s1997 enka bs 001 0 eng d |
| 010 |
|
|
|a 95161855
|
| 020 |
|
|
|a 0071093087
|
| 040 |
|
|
|a DLC
|c DLC
|d BD-DhAAL
|
| 082 |
0 |
0 |
|a 330/.07/27
|2 21
|
| 100 |
1 |
|
|a Clayton, Gary E.
|
| 245 |
1 |
2 |
|a A guide to everyday economic statistics /
|c Gary E. Clayton, Martin Gerhard Giesbrecht.
|
| 246 |
3 |
0 |
|a Everyday economic statistics
|
| 250 |
|
|
|a 4th ed.
|
| 260 |
|
|
|a Boston :
|b McGraw-Hill Pub. Co.,
|c c1997.
|
| 300 |
|
|
|a 140 p. :
|b ill. ;
|c 23 cm.
|
| 504 |
|
|
|a Includes bibliographical references and index.
|
| 541 |
1 |
|
|e 00012728
|
| 650 |
|
0 |
|a Economics
|x Statistical methods.
|
| 700 |
1 |
|
|a Giesbrecht, Martin Gerhard,
|d 1933-
|
| 852 |
4 |
|
|a Ayesha Abed Library
|j General shelf
|
| 999 |
|
|
|c 6457
|d 6457
|
| 952 |
|
|
|0 0
|1 0
|2 ddc
|4 0
|6 330_072700000000000_CLA
|7 0
|9 6542
|a BRACUL
|b BRACUL
|c GEN
|d 2009-12-27
|g 0.00
|l 0
|o 330.0727 CLA
|p 3010012728
|r 2009-12-27
|t 1
|w 2009-12-27
|y BK
|x No price found in the accession register.
|
| 952 |
|
|
|0 0
|1 0
|2 ddc
|4 0
|6 330_072700000000000_CLA_1997
|7 0
|9 6570
|a BRACUL
|b BRACUL
|c GEN
|d 2009-12-29
|g 0.00
|l 2
|m 25
|o 330.0727 CLA
|p 3010010881
|r 2025-09-09
|s 2025-06-30
|t 2
|w 2009-12-29
|y BK
|x No price found in the accession register.
|
| 952 |
|
|
|0 0
|1 0
|2 ddc
|4 0
|6 330_072700000000000_CLA_1997
|7 0
|9 6571
|a BRACUL
|b BRACUL
|c GEN
|d 2009-12-29
|g 0.00
|l 0
|o 330.0727 CLA
|p 3010010880
|r 2009-12-29
|t 3
|w 2009-12-29
|y BK
|x No price found in the accession register.
|